<?xml version="1.0" encoding="UTF-8"?>
<record
    xmlns:xsi="http://www.w3.org/2001/XMLSchema-instance"
    xsi:schemaLocation="http://www.loc.gov/MARC21/slim http://www.loc.gov/standards/marcxml/schema/MARC21slim.xsd"
    xmlns="http://www.loc.gov/MARC21/slim">

  <leader>03183cam a2200349 a 4500</leader>
  <controlfield tag="003">EG-GiCUC</controlfield>
  <controlfield tag="005">20250223032753.0</controlfield>
  <controlfield tag="008">210626s2021    ua dh  f m    000 0 eng d</controlfield>
  <datafield tag="040" ind1=" " ind2=" ">
    <subfield code="a">EG-GiCUC</subfield>
    <subfield code="b">eng</subfield>
    <subfield code="c">EG-GiCUC</subfield>
  </datafield>
  <datafield tag="041" ind1="0" ind2=" ">
    <subfield code="a">eng</subfield>
  </datafield>
  <datafield tag="049" ind1=" " ind2=" ">
    <subfield code="a">Deposite</subfield>
  </datafield>
  <datafield tag="097" ind1=" " ind2=" ">
    <subfield code="a">Ph.D</subfield>
  </datafield>
  <datafield tag="099" ind1=" " ind2=" ">
    <subfield code="a">Cai01.11.05.Ph.D.2021.Al.F</subfield>
  </datafield>
  <datafield tag="100" ind1="0" ind2=" ">
    <subfield code="a">Ali Elsayed Abdelgayed Hetiba</subfield>
  </datafield>
  <datafield tag="245" ind1="1" ind2="0">
    <subfield code="a">Factors predicting surgical outcome of thymectomy in myasthenia gravis / </subfield>
    <subfield code="c">Ali Elsayed Abdelgayed Hetiba ; Supervised Ehab Mohamed Elshihy , Tarek Ahmed Abbas Mohsen , Alaa Mohammed Omar</subfield>
  </datafield>
  <datafield tag="246" ind1="1" ind2="5">
    <subfield code="a">&#x627;&#x644;&#x639;&#x648;&#x627;&#x645;&#x644; &#x627;&#x644;&#x645;&#x624;&#x62B;&#x631;&#x647; &#x639;&#x644;&#x64A; &#x646;&#x62A;&#x627;&#x626;&#x62C; &#x627;&#x633;&#x62A;&#x626;&#x635;&#x627;&#x644; &#x627;&#x644;&#x63A;&#x62F;&#x647; &#x627;&#x644;&#x62A;&#x64A;&#x645;&#x648;&#x633;&#x64A;&#x647; &#x641;&#x649; &#x645;&#x631;&#x636;&#x649; &#x648;&#x647;&#x646; &#x627;&#x644;&#x639;&#x636;&#x644;&#x627;&#x62A;</subfield>
  </datafield>
  <datafield tag="260" ind1=" " ind2=" ">
    <subfield code="a">Cairo : </subfield>
    <subfield code="b">Ali Elsayed Abdelgayed Hetiba , </subfield>
    <subfield code="c">2021</subfield>
  </datafield>
  <datafield tag="300" ind1=" " ind2=" ">
    <subfield code="a">79 P. : </subfield>
    <subfield code="b">charts , facimiles ; </subfield>
    <subfield code="c">25cm </subfield>
  </datafield>
  <datafield tag="502" ind1=" " ind2=" ">
    <subfield code="a">Thesis (Ph.D.) - Cairo University - Faculty of Medicine - Department of Cardiothoracic Surgery</subfield>
  </datafield>
  <datafield tag="520" ind1=" " ind2=" ">
    <subfield code="a">Background: Myasthenia gravis (MG) is a disease affecting the neuromuscular junction and manifests as muscular weakness and fatigability. Thymectomy may benefit patients with MG.This operation can be performed through several different approaches. Many studies tried to analyze all factors could affect the outcome after thymectomy to identify which group of patients will benefit from surgery.Patient and methods: one hundred  patients underwent  thymectomy  for  myasthenia  gravis  in  the  period  between  June 2019 and November 2020 in Kasr Alainy hospitals were recruited to this study to evaluate predictors of outcome after thymectomy in the management of non thymomatous myasthenia gravis. Preoperative assessment included age, gender, co morbidities, MGFA classification, medication, plasmaphresis, also all patients performed CT chest, EMG and AChR Ab titre. Thymectomy was performed either by transsternal or VATS approach with documentation of the extent of resection; primary outcome was assessment of improvement by MGFA classification and need for medication.Secondary outcome was postoperative complications. Results: Complete stable remission was achieved in 5 patients, clinical and pharmacological improvements were achieved in 71 patients, 21 patients didn{u2019}t improve and only 3 patients worsen after surgery.Improvement rates in early onset of MG, patients didn{u2019}t have preoperative comorbidities and patients to whom extended thymectomy was performed were 79.3%, 77.3 % and 87.3% respectively. Also patients in whom postoperative AChR Ab decreased obviously had significant higher improvement rate. Although severely symptomatic patients had worse outcome, the correlation between preoperative MGFA classification and postoperative outcome was statistically insignificant (p value = 0.07)</subfield>
  </datafield>
  <datafield tag="530" ind1=" " ind2=" ">
    <subfield code="a">Issued also as CD</subfield>
  </datafield>
  <datafield tag="653" ind1=" " ind2="4">
    <subfield code="a">Myasthenia gravis</subfield>
  </datafield>
  <datafield tag="653" ind1=" " ind2="4">
    <subfield code="a">Outcome </subfield>
  </datafield>
  <datafield tag="653" ind1=" " ind2="4">
    <subfield code="a">Thymecomy </subfield>
  </datafield>
  <datafield tag="700" ind1="0" ind2=" ">
    <subfield code="a">Alaa Mohammed Omar , </subfield>
    <subfield code="e">Supervisor</subfield>
  </datafield>
  <datafield tag="700" ind1="0" ind2=" ">
    <subfield code="a">Ehab Mohamed Elshihy , </subfield>
    <subfield code="e">Supervisor</subfield>
  </datafield>
  <datafield tag="700" ind1="0" ind2=" ">
    <subfield code="a">Tarek Ahmed Abbas Mohsen , </subfield>
    <subfield code="e">Supervisor</subfield>
  </datafield>
  <datafield tag="856" ind1=" " ind2=" ">
    <subfield code="u">http://172.23.153.220/th.pdf</subfield>
  </datafield>
  <datafield tag="905" ind1=" " ind2=" ">
    <subfield code="a">Nazla</subfield>
    <subfield code="e">Revisor</subfield>
  </datafield>
  <datafield tag="905" ind1=" " ind2=" ">
    <subfield code="a">Shimaa</subfield>
    <subfield code="e">Cataloger</subfield>
  </datafield>
  <datafield tag="942" ind1=" " ind2=" ">
    <subfield code="2">ddc</subfield>
    <subfield code="c">TH</subfield>
  </datafield>
  <datafield tag="999" ind1=" " ind2=" ">
    <subfield code="c">81397</subfield>
    <subfield code="d">81397</subfield>
  </datafield>
  <datafield tag="952" ind1=" " ind2=" ">
    <subfield code="2">ddc</subfield>
    <subfield code="7">0</subfield>
    <subfield code="a">CUCL</subfield>
    <subfield code="b">cl210</subfield>
    <subfield code="d">2024-02-11</subfield>
    <subfield code="o">Cai01.11.05.Ph.D.2021.Al.F</subfield>
    <subfield code="p">01010110083730000</subfield>
    <subfield code="r">2023-09-22 00:00:00</subfield>
    <subfield code="y">TH</subfield>
  </datafield>
  <datafield tag="952" ind1=" " ind2=" ">
    <subfield code="2">ddc</subfield>
    <subfield code="7">0</subfield>
    <subfield code="a">CUCL</subfield>
    <subfield code="b">cl2u8</subfield>
    <subfield code="d">2024-02-11</subfield>
    <subfield code="o">Cai01.11.05.Ph.D.2021.Al.F</subfield>
    <subfield code="p">01020110083730000</subfield>
    <subfield code="r">2023-09-22 00:00:00</subfield>
    <subfield code="t">83730.CD     </subfield>
    <subfield code="y">CD</subfield>
  </datafield>
</record>
